Formel 1 Teams nach Logo 2026 - Statistiken

Allgemein
  • Dieses Quiz wurde 142 mal gespielt
  • Das Durchschnittsergebnis liegt bei 10 aus 11
Antwortstatistiken
Bildquiz Antwort % Korrekt
Mercedes AMG
100%
Red Bull Racing
100%
Audi
99%
Ferrari
99%
Aston Martin
93%
McLaren
91%
Alpine
89%
Haas
89%
Williams
84%
Racing Bulls
76%
Cadillac
73%
Keine übereinstimmenden Quizze gefunden
Verteilung der Resultate
Anzahl Personen mit jedem Resultat
Perzentil nach korrekt beantworteten Fragen
Ihre Resultats-Entwicklung
Sie haben dieses Quiz noch nicht gespielt